000 00211nam a2200097Ia 4500
008 190216s9999||||xx |||||||||||||| ||und||
100 _aUnnikrishnan Puthoor
245 0 _aAtukattil
260 _bNull
942 _cBK
999 _c25554
_d25554